| 000 | 01020cam a22002654a 4500 | ||
|---|---|---|---|
| 005 | 20140903175041.0 | ||
| 008 | 110624s2012 xxua gr 001 0 eng | ||
| 020 | _a0300118996 | ||
| 020 | _a9780300118995 | ||
| 040 |
_aCO-BoUCM _beng _cJose A. Gerena _dDiana Londoño |
||
| 041 | _aeng | ||
| 100 | 1 |
_aBerebitsky, Julie _958715 |
|
| 245 | 1 | 0 |
_aSex and the office _ba history of gender, power, and desire _cJulie Berebitsky |
| 260 |
_aNew Haven (Connecticut, Estados Unidos) _bYale University Press _c2012 |
||
| 300 |
_ax, 359 páginas _bilustraciones |
||
| 490 | 1 | _aSociety and the sexes in the modern world | |
| 500 | _aIncluye índice | ||
| 650 | 7 |
_aMujeres _zEstados Unidos _xHistoria _958717 |
|
| 650 | 7 |
_aMujeres _zEstados Unidos _xTrabajo _958716 |
|
| 650 | 7 |
_aRoles sexuales _zEstados Unidos _xHistoria _923839 |
|
| 651 | 7 |
_aEstados Unidos _927383 _xAspectos económicos |
|
| 690 |
_942796 _aEconomía del trabajo |
||
| 942 |
_a7 _cLIBRO _e1 _mB487s _2DEWEY _h331.40973 |
||
| 999 |
_c239946 _d239946 |
||